| 000 | 00743nam a2200181 a 4500 | ||
|---|---|---|---|
| 008 | 060515s2005 ||||||||||||||||| || u | ||
| 020 | _a0821358723 | ||
| 050 | _aIBRD(02) | ||
| 100 | _aBesley, Timothy | ||
| 245 | 1 | 0 |
_aDevelopment challenges in the 1990s: leading policymakers speak from experience _cedited by Timothy Besley; Roberto Zagha |
| 260 |
_aWashington, D. C. _bWorld Bank _c2005 |
||
| 300 | _axi; 332p.; ill. | ||
| 350 | _a0.00 | ||
| 650 | 0 | _aAFRICA--ECONOMIC CONDITIONS | |
| 650 | 0 | _aECONOMIC DEVELOPMENT--AFRICA, SUB-SAHARAN | |
| 700 | _aZagha, Roberto | ||
| 995 |
_D0.00 _FCBU-MAIN LIBRARY (Kitwe) _H1 _I0.00 _M1 _UAVAILABLE _WMay 15, 2006 _ZInternational Publications |
||
| 999 |
_c39964 _d39964 |
||